000 02711cam a2200433 4500500
005 20260208003435.0
041 _afre
042 _adc
100 1 0 _aMitchell, Alexandre G.
_eauthor
245 0 0 _aHumour in greek vase-painting
260 _c2004.
500 _a1
520 _aL’article passe en revue les différentes formes d’humour rencontrées dans la peinture de vases grecs des VIe et Ve s. av. J.-C. La 1re partie traite des calembours visuels, dans lesquels les peintres jouent avec les codes de l’image. La 2e partie analyse la comédie de situation, c.-à-d. la façon dont des histoires bien connues peuvent être tournées en ridicule dans les représentations, par le biais d’un déplacement du statut des personnages et de l’humour dans les scènes de vie quotidienne. La 3e partie porte sur la caricature des difformités physiques. La dernière partie étudie l’utilisation des personnages de satyres dans la parodie de la mythologie et de la vie quotidienne. Ces images n’ont pas le théâtre satyrique pour origine, et les satyres sont un moyen de se moquer des thèmes du répertoire de la peinture de vase elle-même, tant dans les scènes mythologiques que dans celles touchant à la Polis.
520 _aThis paper investigates the different forms that humour takes in Greek vase-paintings in the sixth and fifth centuries B. C. The first section focuses on visual puns, in which the painters play with the codes of imagery themselves. The second discusses situation comedy, i.e. ridiculed well-known narratives, the degradation of status and humour in everyday life. The third concentrates on caricature, where physical deformities are considered. The last section examines the use of satyrs in mythology and everyday life parody. These depictions are not inspired by satyr plays; satyrs are used to mock stock vase-painters’ themes, in mythological scenes as well as in the realm of the Polis.
690 _aCalembour
690 _aCaricature
690 _aGrèce
690 _aHumour
690 _aIconographie
690 _aMonde grec
690 _aParodie
690 _aPeinture
690 _aRidicule
690 _aVase
690 _aVIE / VE s. av.  J.-C.
690 _a6th / 5th century B. C.
690 _aCaricature
690 _aGreece
690 _aGreek world
690 _aHumour
690 _aIconography
690 _aPainting
690 _aParody
690 _aPun
690 _aRidicule
690 _aVase
786 0 _nRevue archéologique | 37 | 1 | 2004-03-01 | p. 3-32 | 0035-0737
856 4 1 _uhttps://shs.cairn.info/revue-archeologique-2004-1-page-3?lang=fr&redirect-ssocas=7080
999 _c1647995
_d1647995